| 000 | 00856cam a22002054a 4500 | ||
|---|---|---|---|
| 005 | 20250605164334.0 | ||
| 008 | 250528s ||||||||||||||||||||||||d | ||
| 035 | _a23354 | ||
| 020 | _a9603513679 | ||
| 040 |
_aGR-AtMCL _bgre _dGR-AtMCL _eAACR2 |
||
| 245 | 1 | _aΕισαγωγή στο Μάρκετινγκ | |
| 250 | _a3η | ||
| 260 |
_bΣταμούλης Α, _c2001 |
||
| 300 | _a720 | ||
| 520 | _aΠρόλογος, Οικονομία και Κοινωνία και ΜΚΤ, ΜΚΤ και Περιβάλλον, Έρευνα ΜΚΤ, Η Συμπεριφορά των Αγοραστών, Η Τμηματοποίηση της Αγοράς, Το Προϊόν, Η Διανομή, Η Προβολή, Η Τιμολόγηση, Παραπομπές. | ||
| 700 | 1 |
_aΜαλλιάρης Πέτρος Γ _94723 |
|
| 942 | _cBK | ||
| 999 |
_c8379 _d8379 |
||